El estado burocrático autoritario 1966-1973: triunfos, derrotas y crisis
I tiakina i:
| Kaituhi matua: | |
|---|---|
| Hōputu: | Pukapuka |
| Reo: | Pāniora |
| I whakaputaina: |
Buenos Aires
Prometeo Libros
2009
|
| Putanga: | 1a. ed |
| Rangatū: | Democracia, Partidos y Elecciones
|
| Ngā marau: | |
| Ngā Tūtohu: |
Tāpirihia he Tūtohu
Kāore He Tūtohu, Me noho koe te mea tuatahi ki te tūtohu i tēnei pūkete!
|
MARC
| LEADER | 00000nam a2200000 a 4500 | ||
|---|---|---|---|
| 001 | UCG6809 | ||
| 003 | CL-VaPUC | ||
| 008 | 110520e20090000AG |||||||||||||||||spa|d | ||
| 020 | |a 9789875743618 | ||
| 082 | 0 | 4 | |a 320.1 |b ODO |2 21 |
| 100 | |a O'Donnell, Guillermo A. |e autor |9 557198 | ||
| 245 | 1 | 3 | |a El estado burocrático autoritario 1966-1973: triunfos, derrotas y crisis |
| 250 | |a 1a. ed | ||
| 300 | |a 445 p | ||
| 942 | |c BK | ||
| 945 | |d 20110520 00:00:00 |a jcampos | ||
| 260 | |a Buenos Aires |b Prometeo Libros |c 2009 | ||
| 650 | 0 | |a Estado |9 255503 | |
| 650 | 7 | |a ESTADO CAPITALISTA |2 CL-VaPUC |9 557199 | |
| 650 | 7 | |a ESTADO BUROCRATICO |2 CL-VaPUC |9 557200 | |
| 650 | 0 | |a Política y gobierno |9 255151 | |
| 650 | 7 | |a FILOSOFIA POLITICA |2 CL-VaPUC |9 557201 | |
| 650 | 7 | |a HISTORIA POLITICA ARGENTINA |2 CL-VaPUC |9 464510 | |
| 651 | 0 | |a Argentina |9 254888 | |
| 583 | |a last modification |c 20110520 00:00:00 |k Rodrigo Vera | ||
| 490 | 0 | |a Democracia, Partidos y Elecciones | |
| 999 | |c 344940 |d 344938 | ||
| 952 | |0 0 |1 0 |4 0 |6 320_100000000000000_ODO_2009 |7 0 |8 A |9 443306 |a BIBHIS |b BIBHIS |d 2019-11-22 |i 4779061 |l 1 |o 320.1 ODO 2009 |p 4779061 |r 2025-01-20 |s 2023-04-20 |w 2019-11-22 |y BK |k HIS | ||